[Event "PRO League All Stars St2"]
[Site "chess.com INT"]
[Date "2018.09.08"]
[Round "1.1"]
[White "Andriasian, Zaven"]
[Black "Lenic, Luka"]
[Result "1-0"]
[WhiteTitle "GM"]
[BlackTitle "GM"]
[WhiteElo "2603"]
[BlackElo "2656"]
[WhiteTeam "Eastern"]
[BlackTeam "Central"]
[WhiteFideId "13302000"]
[BlackFideId "14603853"]

1. e4 c5 2. Nf3 Nc6 3. Bb5 e6 4. O-O Nge7 5. c3 a6 6. Ba4 b5 7. Bc2 c4 8. b3 Na5
9. d4 cxd3 10. Bxd3 Ng6 11. a4 Rb8 12. axb5 axb5 13. b4 Nc4 14. Na3 Nxa3 15.
Rxa3 Bb7 16. Ra5 Bc6 17. Qe2 Bd6 18. Bxb5 Bc7 19. Bxc6 Bxa5 20. Rd1 O-O 21. bxa5
Qxa5 22. Bxd7 Qxc3 23. Bd2 Qc2 24. Qe1 Ra8 25. Bb5 Rfd8 26. Rc1 Qb2 27. Bf1 Rac8
28. Rxc8 Rxc8 29. Be3 Rb8 30. g3 Qc2 31. Nd2 Ne5 32. Bf4 Qc3 33. Bxe5 Qxe5 34.
Nf3 Qb2 35. Kg2 h6 36. h4 Rc8 37. e5 Qb7 38. Bd3 Qb3 39. Be4 Qc3 40. Qe2 Rb8 41.
h5 Qc5 42. Qd2 Qb4 43. Qf4 Kf8 44. g4 Rc8 45. g5 Rc4 46. g6 Qe7 47. Qe3 Qc5 48.
Qd3 Qc7 49. gxf7 Kxf7 50. Bg6+ Ke7 51. Qa3+ Qc5 52. Qa8 Qc6 53. Qg8 Rg4+ 54. Kf1
Qxf3 55. Qe8# 1-0

[Event "PRO League All Stars St2"]
[Site "chess.com INT"]
[Date "2018.09.08"]
[Round "1.2"]
[White "Jones, Gawain C B"]
[Black "Andriasian, Zaven"]
[Result "0-1"]
[WhiteTitle "GM"]
[BlackTitle "GM"]
[WhiteElo "2677"]
[BlackElo "2603"]
[WhiteTeam "Central"]
[BlackTeam "Eastern"]
[WhiteFideId "409561"]
[BlackFideId "13302000"]

1. e4 c5 2. Nf3 d6 3. Bb5+ Nc6 4. O-O Bd7 5. Re1 g6 6. c3 Bg7 7. d4 a6 8. Bf1
Bg4 9. d5 Ne5 10. Be2 Bxf3 11. gxf3 Nf6 12. f4 Ned7 13. Bf3 O-O 14. c4 b5 15.
Nc3 bxc4 16. Qe2 Nb6 17. a4 a5 18. Bd2 Nfd7 19. Bg2 Rb8 20. Qf3 Na8 21. Ra2 Rb3
22. Bf1 Nab6 23. Re3 Bd4 24. Re1 e6 25. Qg2 exd5 26. Nxd5 Nxd5 27. Bxc4 Nxf4 28.
Bxf4 Rb4 29. b3 Ne5 30. Bxe5 dxe5 31. Rd2 Rb6 32. Rd3 Rf6 33. Rf3 Kg7 34. Kh1
Qe7 35. Qg5 Rd8 36. Kg2 Rdd6 37. Rd1 h6 38. Qh4 g5 39. Qg4 Rxf3 40. Qxf3 Rf6 41.
Qg4 Rxf2+ 42. Kh1 Qf6 43. Bd3 Qf4 44. Qxf4 exf4 45. Rf1 Rd2 46. Bc4 Kf6 47. Re1
Ke5 48. Re2 Rd1+ 49. Kg2 g4 50. h4 f3+ 51. Kg3 fxe2 0-1

[Event "PRO League All Stars St2"]
[Site "chess.com INT"]
[Date "2018.09.08"]
[Round "1.3"]
[White "Andriasian, Zaven"]
[Black "Meier, Georg"]
[Result "1-0"]
[WhiteTitle "GM"]
[BlackTitle "GM"]
[WhiteElo "2603"]
[BlackElo "2639"]
[WhiteTeam "Eastern"]
[BlackTeam "Central"]
[WhiteFideId "13302000"]
[BlackFideId "4675789"]

1. e4 e6 2. d4 d5 3. Nc3 Nf6 4. e5 Nfd7 5. f4 c5 6. Nf3 Nc6 7. Be3 Be7 8. Qd2 a6
9. Be2 b5 10. Nd1 b4 11. O-O a5 12. c3 Qb6 13. Bf2 Ba6 14. Bxa6 Qxa6 15. f5 a4
16. Ng5 h6 17. fxe6 Bxg5 18. exd7+ Kxd7 19. Be3 Raf8 20. dxc5 Qc4 21. cxb4 Nxb4
22. Rc1 Qe4 23. Bxg5 hxg5 24. Nf2 Qf4 25. Qxf4 gxf4 26. Nh3 Re8 27. Rxf4 Nd3 28.
Rxf7+ Ke6 29. Ng5+ Kxe5 30. Rc2 Nb4 31. Rd2 d4 32. Nf3+ Ke6 33. Rxg7 1-0

[Event "PRO League All Stars St2"]
[Site "chess.com INT"]
[Date "2018.09.08"]
[Round "1.4"]
[White "Vachier-Lagrave, Maxime"]
[Black "Andriasian, Zaven"]
[Result "1-0"]
[WhiteTitle "GM"]
[BlackTitle "GM"]
[WhiteElo "2780"]
[BlackElo "2603"]
[WhiteTeam "Central"]
[BlackTeam "Eastern"]
[WhiteFideId "623539"]
[BlackFideId "13302000"]

1. e4 c5 2. Nf3 d6 3. d4 cxd4 4. Nxd4 Nf6 5. Nc3 a6 6. g3 e5 7. Nb3 Be7 8. Bg2
O-O 9. O-O Be6 10. a4 Nbd7 11. Re1 Rc8 12. Nd2 Qc7 13. Nf1 Rfd8 14. Ne3 Bf8 15.
a5 g6 16. Ncd5 Bxd5 17. exd5 Bg7 18. Ra3 Re8 19. b4 h5 20. Bb2 Bh6 21. Re2 Ng4
22. Nxg4 hxg4 23. h3 gxh3 24. Bxh3 Qd8 25. Qd3 f5 26. c4 e4 27. Qd4 Ne5 28. c5
Bg7 29. Kg2 Rc7 30. Qd1 Rd7 31. c6 Rc7 32. Rc2 Rf8 33. Bd4 Qg5 34. Bb6 Rcf7 35.
Be3 f4 36. Bxf4 Rxf4 37. c7 Nd3 38. c8=Q Kh7 39. Qxf8 Rxf8 40. Bg4 Qxd5 41. Kg1
Bd4 42. Raa2 Qe5 43. Kh2 Kg7 44. Rc7+ Kf6 45. f4 Nxf4 46. gxf4 Qxf4+ 47. Kg2 Rh8
48. Qxd4+ Kg5 49. Qxh8 Qxg4+ 50. Kh1 Qd1+ 51. Kh2 Qf3 52. Rg2+ 1-0

[Event "PRO League All Stars St2"]
[Site "chess.com INT"]
[Date "2018.09.08"]
[Round "1.5"]
[White "Vidit, Santosh Gujrathi"]
[Black "Vachier-Lagrave, Maxime"]
[Result "1/2-1/2"]
[WhiteTitle "GM"]
[BlackTitle "GM"]
[WhiteElo "2711"]
[BlackElo "2780"]
[WhiteTeam "Eastern"]
[BlackTeam "Central"]
[WhiteFideId "5029465"]
[BlackFideId "623539"]

1. d4 Nf6 2. c4 g6 3. Nc3 d5 4. Nf3 Bg7 5. Qb3 dxc4 6. Qxc4 O-O 7. e4 Nc6 8. Be2
e5 9. d5 Nd4 10. Nxd4 exd4 11. Qxd4 c6 12. Qc4 b5 13. Qxc6 Bd7 14. Qd6 Re8 15.
Bg5 b4 16. Qxb4 Nxd5 17. Nxd5 Qxg5 18. O-O Rab8 19. Qd6 Bh3 20. Nf4 Bf5 21. exf5
Be5 22. Qd3 Bxf4 23. fxg6 hxg6 24. b3 Qe5 25. g3 Qxe2 26. Qxe2 Rxe2 27. gxf4 Rb4
28. Rfe1 Rb2 29. Reb1 Rd2 30. Rd1 Rb2 31. Rdb1 Rd2 32. Rd1 Rb2 33. Rdb1 1/2-1/2

[Event "PRO League All Stars St2"]
[Site "chess.com INT"]
[Date "2018.09.08"]
[Round "2.1"]
[White "Shimanov, Aleksandr"]
[Black "Andriasian, Zaven"]
[Result "1-0"]
[WhiteTitle "GM"]
[BlackTitle "GM"]
[WhiteElo "2626"]
[BlackElo "2603"]
[WhiteTeam "Atlantic"]
[BlackTeam "Eastern"]
[WhiteFideId "4198603"]
[BlackFideId "13302000"]

1. c4 e5 2. e3 Nf6 3. Nc3 Nc6 4. Nf3 Bb4 5. Qc2 O-O 6. Nd5 Re8 7. Qf5 d6 8.
Nxf6+ Qxf6 9. Qxf6 gxf6 10. a3 Bc5 11. b4 Bb6 12. Bb2 a5 13. b5 Nd8 14. d3 Ne6
15. a4 f5 16. g3 Bd7 17. Be2 f6 18. O-O f4 19. exf4 exf4 20. Bxf6 fxg3 21. hxg3
Nf4 22. gxf4 Rxe2 23. Bd4 Bg4 24. Bxb6 Bxf3 25. Bxc7 Kf7 26. Rae1 Rae8 27. Rxe2
Bxe2 28. Rc1 Bxd3 29. Bxd6 Re4 30. c5 Rxa4 31. c6 bxc6 32. b6 Ba6 33. Rxc6 Ke6
34. Be5+ Kf5 35. Rc5 Kg4 36. Bc7 Bb7 37. Rg5+ Kf3 38. Rg3+ Ke4 39. Rh3 Ra1+ 40.
Kh2 a4 41. Rxh7 Rb1 42. Re7+ Kf3 43. Bd8 Kxf2 44. Rxb7 a3 45. Ra7 Rb3 46. b7 Kf3
47. Bc7 Rb2+ 48. Kh3 a2 49. b8=Q a1=Q 50. Rxa1 Rxb8 51. Bxb8 1-0

[Event "PRO League All Stars St2"]
[Site "chess.com INT"]
[Date "2018.09.08"]
[Round "2.2"]
[White "Vidit, Santosh Gujrathi"]
[Black "Shimanov, Aleksandr"]
[Result "1-0"]
[WhiteTitle "GM"]
[BlackTitle "GM"]
[WhiteElo "2711"]
[BlackElo "2626"]
[WhiteTeam "Eastern"]
[BlackTeam "Atlantic"]
[WhiteFideId "5029465"]
[BlackFideId "4198603"]

1. Nf3 Nf6 2. d4 g6 3. c4 Bg7 4. g3 c5 5. Bg2 cxd4 6. Nxd4 O-O 7. Nc3 Qc7 8. Qd3
Nc6 9. Bf4 d6 10. Nxc6 bxc6 11. O-O Bf5 12. Qd2 Nd7 13. Bh6 Bxh6 14. Qxh6 Nf6
15. h3 Rab8 16. b3 a5 17. g4 Bd7 18. Rad1 Qa7 19. Kh1 Qc5 20. Rd3 Kh8 21. f4 Rg8
22. e4 Be8 23. Re1 Nd7 24. Qh4 f6 25. Qg3 Qa7 26. Rde3 g5 27. h4 gxf4 28. Qxf4
Ne5 29. Bh3 Bd7 30. Rg1 Rbf8 31. Ne2 Ng6 32. Qh6 Nxh4 33. Ng3 Qc5 34. Nf5 Ng6
35. Bf1 Bxf5 36. exf5 Ne5 37. Rh3 Rf7 38. Be2 Rfg7 39. Rg2 Nf7 40. Qf4 Qe5 41.
Qd2 Qc5 42. Qf4 Ne5 43. Rgh2 Nf7 44. Rg2 Ng5 45. Re3 a4 46. bxa4 Qb4 47. Bd1 Qb1
48. Rd2 Qb4 49. Rg2 Qc5 50. Bb3 Qb6 51. Rge2 Qc7 52. c5 h5 53. Bxg8 Kxg8 54.
gxh5 Qd7 55. cxd6 exd6 56. h6 Rf7 57. Rh2 Kh7 58. Re1 d5 59. Rg2 d4 60. Rxg5
fxg5 61. Qxg5 Qxf5 62. Qxf5+ Rxf5 63. Rd1 Kxh6 64. Rxd4 Rf1+ 65. Kg2 Ra1 66. Rd2
Rb1 67. Kf3 Rb4 68. Ke3 Rxa4 69. Kd3 Kg5 70. Rf2 c5 71. Kc3 c4 72. Kd4 Kg4 73.
Kc5 Kg3 74. Rc2 Kf4 75. Rxc4+ Rxc4+ 76. Kxc4 Ke5 77. Kc5 Ke6 78. Kc6 Ke7 79. Kc7
Ke6 80. a4 1-0

[Event "PRO League All Stars St2"]
[Site "chess.com INT"]
[Date "2018.09.08"]
[Round "2.3"]
[White "Lenderman, Aleksandr"]
[Black "Vidit, Santosh Gujrathi"]
[Result "1/2-1/2"]
[WhiteTitle "GM"]
[BlackTitle "GM"]
[WhiteElo "2630"]
[BlackElo "2711"]
[WhiteTeam "Atlantic"]
[BlackTeam "Eastern"]
[WhiteFideId "2021285"]
[BlackFideId "5029465"]

1. d4 Nf6 2. c4 g6 3. Nc3 d5 4. Nf3 Bg7 5. cxd5 Nxd5 6. Bg5 c5 7. Rc1 Nxc3 8.
bxc3 O-O 9. e3 h6 10. Bh4 Bf5 11. Be2 g5 12. Bg3 Qa5 13. Qd2 Rd8 14. O-O Nc6 15.
Qb2 Qb6 16. Qa3 cxd4 17. cxd4 e6 18. Nd2 Bf8 19. Qb3 Qxb3 20. Nxb3 Ba3 21. Rcd1
Rac8 22. Bf3 b6 23. h3 Nb4 24. Rd2 Bd3 25. Re1 f5 26. Be5 Bc4 27. Bb7 a5 28.
Bxc8 Rxc8 29. Rb1 a4 30. Nc1 Nd5 31. Nd3 b5 32. Rc2 Kh7 33. Ne1 Be7 34. Nf3 Nb4
35. Rcb2 Nxa2 36. Rxb5 Bxb5 37. Rxb5 Kg6 38. Rb7 Bf8 39. Ra7 Nc3 40. Bh8 f4 41.
g4 fxg3 42. fxg3 Kf5 43. Kg2 Ke4 44. Ra6 Kxe3 45. Rxe6+ Kd3 46. Ra6 a3 47. Ne5+
Kc2 48. Nd7 a2 49. d5 Bb4 50. Bxc3 Kxc3 51. Rxa2 Rd8 52. Ne5 Rxd5 53. Ng4 Kb3
54. Re2 h5 55. Nf6 Rd6 56. Nxh5 Kc4 57. g4 Bc5 58. Ng3 Rd5 59. Nf5 Kd3 60. Kf3
Bb4 61. Re3+ Kc2 62. Re2+ Kb3 63. Re3+ Kc4 64. Ke4 Bd2 65. Re2 Rd8 66. Kf3 Kd3
67. Re6 Rd5 68. Rd6 Rxd6 69. Nxd6 Kd4 70. Nf5+ Ke5 71. Ng3 Bc1 72. Ne4 Ke6 73.
Nf2 Kd5 74. Nd3 Bd2 75. Ke2 Bc3 76. Ke3 Bd4+ 77. Kf3 Bc3 78. Nf2 Bd2 79. Ne4 Bc1
80. Ng3 Ke5 81. Nf5 Bd2 82. Ng7 Kf6 83. Nh5+ Ke5 84. Ke2 Bc1 85. Kd3 Kd5 86. Ng3
Ke5 87. Ne2 Ba3 88. Ke3 Bc5+ 89. Kf3 Bb4 90. Nc1 Bd2 91. Nd3+ Kd4 92. Nf2 Bc1
93. Ne4 Ke5 94. Ng3 Bd2 95. Ne2 Bb4 96. Ke3 Bc5+ 97. Kd3 Bb6 98. Ng3 Kf4 99. Ne4
Bd8 100. Kd4 Kf3 101. Ke5 Kg2 102. Kf5 Kxh3 103. Nxg5+ Kh4 104. Ne6 Be7 105. Nf4
Kg3 106. Ng6 Bd8 107. Nf8 Be7 108. Ne6 Bh4 109. Nf4 Bd8 110. Nd3 Kh4 111. Ne5
Kg3 112. Nf7 Be7 113. Ng5 Kh4 114. Ne6 Kg3 115. Nd4 Bh4 116. Nc6 Kh3 117. Ne5
Kg3 118. Ng6 Bd8 119. Nf8 Be7 120. Nh7 Bd8 121. Ng5 Be7 122. Ne4+ Kh4 123. Nd2
Kg3 124. Nc4 Kh3 125. Ne5 Kg3 126. Nf7 Bh4 127. Nh8 Kh3 128. Ng6 Bd8 129. Nf4+
Kg3 130. Ne6 Be7 131. Ng5 Kh4 132. Ne4 Kh3 133. Kf4 Kh4 134. Kf5 Kh3 135. Ng5+
Kh4 136. Nf7 Kg3 137. Nh8 Bh4 138. Ng6 Bd8 139. Nf8 Be7 140. Nd7 Kh4 141. Nb6
Kg3 142. Nd5 Bh4 143. Nc3 Bd8 144. Ne4+ Kh4 145. Nd6 Kg3 146. Nf7 Be7 1/2-1/2

[Event "PRO League All Stars St2"]
[Site "chess.com INT"]
[Date "2018.09.08"]
[Round "2.4"]
[White "Melkumyan, Hrant"]
[Black "Iturrizaga Bonelli, Eduardo"]
[Result "0-1"]
[WhiteTitle "GM"]
[BlackTitle "GM"]
[WhiteElo "2660"]
[BlackElo "2636"]
[WhiteTeam "Eastern"]
[BlackTeam "Atlantic"]
[WhiteFideId "13302485"]
[BlackFideId "3901211"]

1. Nf3 Nf6 2. g3 b6 3. Bg2 Bb7 4. O-O c5 5. d3 g6 6. Nbd2 Bg7 7. e4 O-O 8. Nc4
d6 9. Re1 Nc6 10. c3 b5 11. Ne3 a5 12. Nd5 Nd7 13. Bg5 h6 14. Bd2 b4 15. Qc2 e6
16. Ne3 Ba6 17. Rad1 Qc7 18. Bc1 Rab8 19. h4 h5 20. Ng5 Qb6 21. Nc4 Bxc4 22.
dxc4 bxc3 23. bxc3 Nce5 24. Qe2 Nf6 25. f4 Neg4 26. e5 dxe5 27. fxe5 Nh7 28. Nf3
Rfd8 29. Bf4 Nf8 30. Bh3 Nh6 0-1

[Event "PRO League All Stars St2"]
[Site "chess.com INT"]
[Date "2018.09.08"]
[Round "2.5"]
[White "Iturrizaga Bonelli, Eduardo"]
[Black "Gupta, Abhijeet"]
[Result "1-0"]
[WhiteTitle "GM"]
[BlackTitle "GM"]
[WhiteElo "2636"]
[BlackElo "2588"]
[WhiteTeam "Atlantic"]
[BlackTeam "Eastern"]
[WhiteFideId "3901211"]
[BlackFideId "5010608"]

1. Nf3 Nf6 2. c4 g6 3. g3 Bg7 4. Bg2 c5 5. O-O Nc6 6. Nc3 h5 7. h4 d6 8. a3 Be6
9. d3 Qd7 10. Ng5 Bg4 11. Rb1 a5 12. f3 Be6 13. e4 O-O 14. Be3 Ne8 15. Kh2 Nc7
16. Nd5 Bxd5 17. exd5 Nd4 18. Bh3 Qd8 19. f4 f5 20. Re1 Bf6 21. Bxd4 cxd4 22.
Ne6 Nxe6 23. Rxe6 a4 24. b4 axb3 25. Rxb3 Ra7 26. Re2 Qc7 27. Reb2 Rfa8 28. Qe2
Kf8 29. Qe6 b6 30. Rxb6 Rxa3 31. Rb7 Qd8 32. Bf1 Ra2 33. Kh3 Rxb2 34. Rxb2 Qa5
35. Bg2 Qc3 36. Qe2 Qc1 37. Rc2 Qg1 38. c5 dxc5 39. d6 Rd8 40. dxe7+ Bxe7 41.
Qe6 Rd6 42. Qc8+ Kf7 43. Rxc5 Rd8 44. Qc7 Qd1 45. Re5 Re8 46. Qc4+ Kf8 47. Qe6
Kg7 48. Qd7 Kf8 49. Qe6 Qg4+ 50. Kh2 Kg7 51. Qd7 Kf8 52. Qe6 Kg7 53. Qd7 Kf8 54.
Bc6 1-0

[Event "PRO League All Stars St2"]
[Site "chess.com INT"]
[Date "2018.09.08"]
[Round "3.1"]
[White "Dreev, Aleksey"]
[Black "Shimanov, Aleksandr"]
[Result "0-1"]
[WhiteTitle "GM"]
[BlackTitle "GM"]
[WhiteElo "2649"]
[BlackElo "2626"]
[WhiteTeam "Pacific"]
[BlackTeam "Atlantic"]
[WhiteFideId "4100107"]
[BlackFideId "4198603"]

1. d4 d6 2. Nf3 Nf6 3. Bg5 Nbd7 4. Nbd2 h6 5. Bh4 g5 6. Bg3 Nh5 7. e4 Bg7 8. c3
e6 9. Bc4 a6 10. a4 Qe7 11. O-O O-O 12. Re1 b6 13. d5 Nxg3 14. hxg3 g4 15. Nd4
Ne5 16. Bb3 Bd7 17. Nc4 h5 18. Qd2 Kh7 19. Rad1 Rae8 20. Ne2 h4 21. gxh4 Qxh4
22. Qf4 Nxc4 23. Bxc4 Be5 24. g3 Qh5 25. Qe3 Kg7 26. Nf4 Bxf4 27. Qxf4 Rh8 28.
Kf1 e5 29. Qe3 f5 30. exf5 Bxf5 31. Ke2 Ref8 32. Bd3 Bxd3+ 33. Rxd3 Qg6 34. Rf1
Rh2 35. Rd2 Rf3 0-1

[Event "PRO League All Stars St2"]
[Site "chess.com INT"]
[Date "2018.09.08"]
[Round "3.2"]
[White "Shimanov, Aleksandr"]
[Black "Smirnov, Anton"]
[Result "1/2-1/2"]
[WhiteTitle "GM"]
[BlackTitle "GM"]
[WhiteElo "2626"]
[BlackElo "2549"]
[WhiteTeam "Atlantic"]
[BlackTeam "Pacific"]
[WhiteFideId "4198603"]
[BlackFideId "3208923"]

1. c4 c6 2. d4 d5 3. cxd5 cxd5 4. Nc3 Nf6 5. Bf4 Nc6 6. Nf3 Nh5 7. Be5 f6 8. Bg3
Be6 9. e3 Bf7 10. Rc1 e6 11. Bb5 Rc8 12. O-O a6 13. Bd3 Nxg3 14. hxg3 Bd6 15. a3
O-O 16. e4 Re8 17. Re1 Rc7 18. Qc2 h6 19. exd5 exd5 20. Bh7+ Kh8 21. Bg6 Rxe1+
22. Rxe1 Qg8 23. Qd3 Ne7 24. Nh4 b5 25. Bxf7 Qxf7 26. Nf5 Rd7 27. Nxd6 Rxd6 28.
Qe3 Nc6 29. Qf4 Rd8 30. g4 Kg8 31. Re3 Qd7 32. Ne2 Re8 33. Rxe8+ Qxe8 34. Qf3
Qd7 35. Kf1 Kf7 36. Qc3 Ne7 37. f3 Qd6 38. Kf2 Nc6 39. Qd3 Ne7 40. Qc2 Nc6 41.
Qc3 Ke8 42. Qe3+ Kd7 43. Ng3 Qe6 44. Nf5 Qf7 45. Qf4 Qf8 46. Ne3 Ne7 47. Nc2 Qc8
48. Nb4 a5 49. Nd3 Qc2+ 50. Ke3 b4 51. axb4 axb4 52. Nc5+ Ke8 53. Qb8+ Kf7 54.
Qxb4 Qxg2 55. Qd2 Qg1+ 56. Kd3 Qb1+ 57. Kc3 Qf1 58. Qe3 Qc4+ 59. Kd2 Qb4+ 60.
Qc3 Qb5 61. Qb3 Qa5+ 62. Qc3 Qb5 63. Qb3 Qa5+ 64. Qc3 Qc7 65. Qe3 Qb6 66. Kc2 f5
67. b3 fxg4 68. fxg4 Ng6 69. Qf3+ Kg8 70. Qxd5+ Kh7 71. Qe4 Qa5 72. Nd3 Qa2+ 73.
Kc3 Qa1+ 74. Kc4 Qa6+ 75. Kc3 Qa1+ 76. Kd2 Qa2+ 77. Kc3 Qa1+ 78. Kc2 Qa2+ 79.
Nb2 Qa6 80. d5 Qc8+ 81. Nc4 Qc5 82. Kb2 Qf2+ 83. Kc3 Qg3+ 84. Kb4 Qb8+ 85. Kc3
Qg3+ 86. Kc2 Qf2+ 87. Kb1 Qg1+ 88. Kb2 Qf2+ 89. Ka3 Qa7+ 90. Kb2 Qf2+ 1/2-1/2

[Event "PRO League All Stars St2"]
[Site "chess.com INT"]
[Date "2018.09.08"]
[Round "3.3"]
[White "Xiong, Jeffery"]
[Black "Lenderman, Aleksandr"]
[Result "1/2-1/2"]
[WhiteTitle "GM"]
[BlackTitle "GM"]
[WhiteElo "2651"]
[BlackElo "2630"]
[WhiteTeam "Pacific"]
[BlackTeam "Atlantic"]
[WhiteFideId "2047640"]
[BlackFideId "2021285"]

1. e4 e6 2. d4 d5 3. exd5 exd5 4. Nf3 c6 5. Bd3 Bd6 6. O-O Ne7 7. Re1 O-O 8. Nh4
Ng6 9. Nf5 Bxf5 10. Bxf5 Nd7 11. g3 Re8 12. Be3 Nf6 13. Nd2 Qc7 14. Qf3 Re7 15.
c3 Rae8 16. h4 Nf8 17. Kg2 h5 18. Bd3 Ng4 19. Nf1 g6 20. Bd2 Rxe1 21. Rxe1 Rxe1
22. Bxe1 Qe7 23. Bd2 Nd7 24. Qd1 Nb6 25. Qe2 Qxe2 26. Bxe2 Nf6 27. f3 Be7 28.
Ne3 Ne8 29. b3 Bf6 30. Kh3 Nc7 31. g4 Ne6 32. Kg3 hxg4 33. fxg4 Nc8 34. g5 Bg7
35. Bd3 Nd6 36. Ng4 c5 37. Ne3 cxd4 38. cxd4 Nxd4 39. Nxd5 N4f5+ 40. Kg4 Be5 41.
a4 Ng7 42. Be3 a6 43. Bf4 Bxf4 44. Kxf4 Ndf5 45. Nf6+ Kf8 46. h5 Ne6+ 47. Ke5
Nxg5 48. Bxf5 gxf5 49. Kxf5 Ne6 50. Ke5 Nc5 51. b4 Nxa4 52. h6 Nc3 53. Kd4 Na2
54. Kc5 b6+ 55. Kxb6 Nxb4 56. Ka5 Nc6+ 57. Kxa6 Ne7 58. Kb5 Nf5 59. h7 Kg7 60.
Kc5 Ne3 61. Kd6 Ng4 62. Nxg4 Kxh7 63. Nf6+ Kg7 64. Ke7 Kg6 65. Nd7 f5 66. Ke6
Kg5 67. Ke5 f4 68. Ke4 f3 69. Kxf3 1/2-1/2

[Event "PRO League All Stars St2"]
[Site "chess.com INT"]
[Date "2018.09.08"]
[Round "3.4"]
[White "Iturrizaga Bonelli, Eduardo"]
[Black "Nakamura, Hikaru"]
[Result "0-1"]
[WhiteTitle "GM"]
[BlackTitle "GM"]
[WhiteElo "2636"]
[BlackElo "2763"]
[WhiteTeam "Atlantic"]
[BlackTeam "Pacific"]
[WhiteFideId "3901211"]
[BlackFideId "2016192"]

1. c4 g6 2. g3 Bg7 3. Bg2 d6 4. Nc3 Nc6 5. e3 Bd7 6. Nge2 Qc8 7. h3 e5 8. d4 Nf6
9. b3 O-O 10. Bb2 Re8 11. d5 Ne7 12. e4 h5 13. Bc1 Nh7 14. Qc2 c5 15. Bd2 a6 16.
a4 Kh8 17. a5 Ng8 18. Na4 Bxa4 19. Rxa4 f5 20. exf5 gxf5 21. O-O h4 22. b4 cxb4
23. Rxb4 Ngf6 24. Rb6 Bf8 25. Rfb1 hxg3 26. Nxg3 f4 27. Nf5 e4 28. Nxd6 Bxd6 29.
Rxd6 f3 30. Bf1 Rg8+ 31. Kh1 Qf5 32. Rxb7 Qg6 0-1

[Event "PRO League All Stars St2"]
[Site "chess.com INT"]
[Date "2018.09.08"]
[Round "3.5"]
[White "Nakamura, Hikaru"]
[Black "Le, Quang Liem"]
[Result "1/2-1/2"]
[WhiteTitle "GM"]
[BlackTitle "GM"]
[WhiteElo "2763"]
[BlackElo "2715"]
[WhiteTeam "Pacific"]
[BlackTeam "Atlantic"]
[WhiteFideId "2016192"]
[BlackFideId "12401137"]

1. Nf3 Nf6 2. b3 d5 3. Bb2 c5 4. e3 e6 5. d4 Nc6 6. Bd3 b6 7. O-O Bb7 8. Ne5 Bd6
9. Nd2 O-O 10. a3 Ne7 11. dxc5 bxc5 12. c4 Ng6 13. Nxg6 hxg6 14. cxd5 exd5 15.
Rc1 Re8 16. Re1 a5 17. Bb5 Re6 18. Nf1 Qb6 19. a4 Rd8 20. Ng3 Bf8 21. Bc3 Bc6
22. Qd2 Ne4 23. Bxa5 Nxd2 24. Bxb6 Rb8 25. Bxc5 Nxb3 26. Ba7 Nxc1 27. Bxb8 Na2
28. Ra1 Bxb5 29. axb5 Nc3 30. h4 Nxb5 31. Ne2 Re8 32. Bg3 Bd6 33. Ra5 Bxg3 34.
Nxg3 Nc3 35. Ra1 Rd8 36. Rc1 d4 37. exd4 Nb5 38. d5 Rxd5 39. Rc8+ Kh7 40. Ne4 f6 1/2-1/2

[Event "PRO League All Stars St2"]
[Site "chess.com INT"]
[Date "2018.09.08"]
[Round "3.6"]
[White "Le, Quang Liem"]
[Black "Nakamura, Hikaru"]
[Result "1/2-1/2"]
[WhiteTitle "GM"]
[BlackTitle "GM"]
[WhiteElo "2715"]
[BlackElo "2763"]
[WhiteTeam "Atlantic"]
[BlackTeam "Pacific"]
[WhiteFideId "12401137"]
[BlackFideId "2016192"]

1. d4 Nf6 2. c4 e6 3. Nc3 d5 4. e3 Bd6 5. Nf3 O-O 6. Bd3 b6 7. e4 dxe4 8. Nxe4
Bb4+ 9. Bd2 Bxd2+ 10. Qxd2 Bb7 11. Qe3 Nbd7 12. O-O-O Qe7 13. Rhe1 Rfe8 14. Nc3
Rad8 15. Ne5 c5 16. Nxd7 cxd4 17. Nxf6+ Qxf6 18. Ne4 dxe3 19. Nxf6+ gxf6 20.
Rxe3 f5 21. Be2 Kf8 22. g3 Rxd1+ 23. Kxd1 Rc8 24. Ra3 a5 25. Rb3 Rc6 26. Kd2 Ba6
27. Bf3 Rd6+ 28. Rd3 Ke7 29. Rxd6 Kxd6 30. Kc3 h6 31. b3 f6 32. a3 e5 33. Bd5
Bc8 34. f4 Bd7 35. b4 Be8 36. Bf3 axb4+ 37. axb4 Bd7 38. Be2 Be8 39. Bd3 Bd7 40.
Bc2 Be6 41. Bd1 Bd7 42. Bh5 Be6 43. Bg6 Bd7 44. Bf7 Bc8 45. Kb3 Bd7 46. Bg8 Be8
47. Kc3 1/2-1/2

[Event "PRO League All Stars St2"]
[Site "chess.com INT"]
[Date "2018.09.08"]
[Round "3.7"]
[White "Nakamura, Hikaru"]
[Black "Le, Quang Liem"]
[Result "1/2-1/2"]
[WhiteTitle "GM"]
[BlackTitle "GM"]
[WhiteElo "2763"]
[BlackElo "2715"]
[WhiteTeam "Pacific"]
[BlackTeam "Atlantic"]
[WhiteFideId "2016192"]
[BlackFideId "12401137"]

1. Nf3 g6 2. e4 c5 3. c3 d5 4. e5 Nc6 5. Bb5 Qb6 6. Bxc6+ Qxc6 7. d4 Bg4 8. O-O
Nh6 9. Nbd2 Nf5 10. h3 Bxf3 11. Nxf3 h5 12. dxc5 Qxc5 13. e6 fxe6 14. Re1 Bg7
15. Ng5 e5 16. Ne6 Qd6 17. Qxd5 Qxd5 18. Nc7+ Kf7 19. Nxd5 Rhd8 20. Ne3 Rac8 21.
Nf1 Rc6 22. Nd2 Rd5 23. Nf3 Bf6 24. g4 Nd6 25. Kg2 a5 26. Be3 a4 27. a3 Nc4 28.
Re2 Rb5 29. Bc1 Rd5 30. Nd2 b5 31. Nxc4 Rxc4 32. g5 Bg7 33. Be3 Ke6 34. Rae1 Kf5
35. Bc1 e6 36. Re3 e4 37. f3 Re5 38. Rf1 h4 39. fxe4+ Kxg5 40. Rf7 Kh6 41. Rd3+
g5 42. Rdd7 Rcxe4 43. Rxg7 Re1 44. Rh7+ Kg6 45. Rhg7+ Kh6 46. Bd2 R1e2+ 47. Kf3
Rxd2 48. Rh7+ Kg6 49. Rhg7+ Kh6 50. Rh7+ Kg6 51. Rhg7+ Kh6 1/2-1/2

[Event "PRO League All Stars St2"]
[Site "chess.com INT"]
[Date "2018.09.08"]
[Round "3.8"]
[White "Le, Quang Liem"]
[Black "Nakamura, Hikaru"]
[Result "0-1"]
[WhiteTitle "GM"]
[BlackTitle "GM"]
[WhiteElo "2715"]
[BlackElo "2763"]
[WhiteTeam "Atlantic"]
[BlackTeam "Pacific"]
[WhiteFideId "12401137"]
[BlackFideId "2016192"]

1. c4 Nf6 2. Nc3 e6 3. d4 Bb4 4. e3 O-O 5. Bd3 c5 6. Nf3 d5 7. cxd5 exd5 8. O-O
cxd4 9. Nxd4 Nc6 10. Nxc6 bxc6 11. Na4 Bd6 12. h3 Qe7 13. Bd2 c5 14. Rc1 Bb7 15.
b3 Qe5 16. f4 Qe7 17. Nc3 Rac8 18. Re1 Rfe8 19. Bf5 Ra8 20. Bb1 a6 21. Ne2 Ne4
22. Bxe4 Qxe4 23. Ng3 Qg6 24. Qg4 Bf8 25. Bc3 a5 26. Rb1 Bc6 27. Qxg6 hxg6 28.
Kf2 Red8 29. Red1 Rdb8 30. Be5 Rb6 31. Ne2 f6 32. Ba1 a4 33. Nc3 axb3 34. axb3
Rd8 35. Rd2 Ra6 36. Rbd1 d4 37. exd4 cxd4 38. Ne2 d3 39. Nc1 Rxa1 40. Nxd3 Rxd1
41. Rxd1 Bb5 0-1